EA Sports FC 24 80+ Male Players - Statistics

General Stats
  • This quiz has been taken 1,264 times
  • The average score is 222 of 469
Answer Stats
OVR Nationality Team Pos. Answer % Correct
91 France PSG ST Kylian Mbappé
99%
91 Belgium Manchester City CM Kevin De Bruyne
98%
90 Argentina Inter Miami CF Lionel Messi
98%
91 Norway Manchester City ST Erling Haaland
96%
89 Brazil Al-Hilal LW Neymar Jr.
95%
90 England Bayern Munich ST Harry Kane
94%
90 France Al-Ittihad CF Karim Benzema
94%
89 Egypt Liverpool RW Mohamed Salah
94%
90 Poland Barcelona ST Robert Lewandowski
93%
89 Spain Manchester City CDM Rodri
93%
90 Belgium Real Madrid GK Thibaut Courtois
93%
89 Netherlands LIverpool CB Virgil Van Dijk
93%
89 Germany Bareclona GK Marc-André ter Stegen
92%
89 Brazil Liverpool GK Alisson
91%
86 Portugal Al-Nassr ST Cristiano Ronaldo
91%
89 Portugal Manchester City CB Rúben Dias
91%
89 Brazil Real Madrid LW Vinicius Jr.
91%
88 Portugal Manchester City CM Bernardo Silva
90%
88 France Atlético Madrid ST Antoine Griezmann
89%
88 Portugal Manchester United CAM Bruno Fernandes
89%
89 Brazil Manchester United CDM Casemiro
89%
88 Brazil Manchester City GK Ederson
89%
87 Netherlands Barcelona CM Frenkie de Jong
89%
82 Senegal Salernitana ST Boulaye Dia
88%
88 Uruguay Real Madrid CM Federico Valverde
88%
87 Argentina Inter Milan ST Lautaro Martínez
88%
87 Croatia Real Madrid CM Luka Modrić
88%
87 Germany Bayern Munich GK Manuel Neuer
88%
85 Argentina Aston Villa GK Emiliano Martínez
87%
87 South Korea Tottenham Hotspurs LW Heung Min Son
87%
88 Slovenia Atlético Madrid GK Jan Oblak
87%
84 Argentina Manchester United CB Lisandro Martínez
87%
84 Colombia Liverpool LW Luis Díaz
87%
87 Norway Arsenal CAM Martin Ødegaard
87%
86 England Arsenal RW Bukayo Saka
86%
87 Italy PSG GK Gianluigi Donnarumma
86%
82 Spain Barcelona CB Iñigo Martínez
86%
86 England Real Madrid CM Jude Bellingham
86%
88 Nigeria Napoli ST Victor Osimhen
86%
80 Spain Girona RB Arnau Martínez
85%
88 Germany Bayern Munich CDM Joshua Kimmich
85%
87 Brazil PSG CB Marquinhos
85%
86 France PSG RW Ousmane Dembélé
85%
86 Spain Barcelona CM Pedri
85%
86 Portugal A.C. Milan LW Rafael Leão
85%
84 Brazil Chelsea CB Thiago Silva
85%
86 Netherlands Bayern Munich CB Matthijs de Ligt
84%
87 France A.C. Milan GK Mike Maignan
84%
80 Portugal Real Sociedad ST André Silva
83%
84 South Korea Bayern Munich CB Kim Min Jae
83%
86 France Al-Ittihad CDM N'Golo Kanté
83%
86 Algeria Al-Ahli RM Riyad Mahrez
83%
81 Portugal Real Betis GK Rui Silva
83%
86 Senegal Al-Nassr LW Sadio Mané
83%
86 Germany Real Madrid CM Toni Kroos
83%
86 England Liverpool RB Trent Alexander-Arnold
83%
86 Germany Bayern Munich CAM Jamal Musiala
82%
86 Argentina Roma CF Paulo Dybala
82%
86 Scotland Liverpool LB Andrew Robertson
81%
87 Switzerland Borussia Dortmund GK Gregor Kobel
81%
85 Brazil Real Madrid RW Rodrygo
81%
86 Uruguay Barcelona CB Ronald Araujo
81%
86 Brazil Real Madrid CB Éder Militão
80%
83 Germany Borussia Dortmund CDM Emre Can
80%
85 England Manchester City LW Jack Grealish
80%
86 Portugal Barcelona LB João Cancelo
80%
86 Italy Newcastle CDM Sandro Tonali
80%
86 Germany Barcelona CM İlkay Gündoğan
79%
85 England Manchester City LW Phil Foden
79%
85 Austria Real Madrid CB David Alaba
78%
86 Georgia Napoli LW Khvicha Kvaratskhelia
78%
86 Italy Inter Milan CM Nicolò Barella
78%
86 Serbia Al-Hilal CM Sergej Milinković-Savić
78%
85 Germany Real Madrid CB Antonio Rüdiger
77%
85 France AC Milan LB Theo Hernández
77%
85 Cameroon Manchester United GK André Onana
76%
86 France Chelsea CF Christopher Nkunku
76%
85 England Manchester City CB John Stones
76%
85 England Manchester United LW Marcus Rashford
76%
84 Germany Bayern Munich CAM Thomas Müller
76%
85 England Arsenal CDM Declan Rice
75%
85 Costa Rica PSG GK Keylor Navas
75%
84 France PSG CB Lucas Hernández
75%
80 Spain Sevilla RB Jesús Navas
74%
84 Morocco PSG RB Achraf Hakimi
73%
85 Germany Leverkusen CAM Florian Wirtz
73%
85 France Bayern Munich LM Kingsley Coman
73%
84 Brazil Arsenal ST Gabriel Jesus
72%
84 Germany Bayern Munich RM Leroy Sané
72%
84 Switzerland Inter Milan GK Yann Sommer
72%
85 Portugal Liverpool CF Diogo Jota
71%
85 France Barcelona CB Jules Koundé
71%
85 England Newcastle RB Kieran Trippier
71%
85 France Manchester United CB Raphaël Varane
71%
84 Belgium Roma ST Romelu Lukaku
71%
85 Ghana Arsenal CDM Thomas Partey
71%
85 Morocco Al-Hilal GK Yassine Bounou
71%
85 Italy Inter Milan CB Alessandro Bastoni
69%
85 Spain Al-Nassr CB Aymeric Laporte
69%
84 Brazil Arsenal CB Gabriel
69%
85 Germany Bayern Munich CM Leon Goretzka
69%
86 Spain Villarreal CM Parejo
69%
84 Brazil Barcelona RW Raphinha
69%
84 England Chelsea RB Reece James
69%
84 Argentina Atlético Madrid CM Rodrigo Javier De Paul
69%
86 Poland Juventus GK Wojciech Szczęsny
69%
85 Italy Latium ST Ciro Immobile
68%
84 Brazil Arsenal LW Gabriel Martinelli
68%
83 Spain Barcelona CM Gavi
68%
85 Turkey Inter Milan CM Hakan Çalhanoğlu
68%
84 England Manchester City RB Kyle Walker
68%
85 Argentina Sevilla LB Marcos Acuña
68%
84 Germany Bayern Munich RM Serge Gnabry
68%
84 Spain Liverpool CM Thiago
68%
84 Brazil Newcastle CM Bruno Guimarães
67%
85 Spain RC Celta ST Iago Aspas
66%
84 Senegal Al Hilal CB Kalidou Koulibaly
66%
84 Netherlands Atlético Madrid CF Memphis Depay
66%
84 England Arsenal GK Aaron Ramsdale
65%
84 France PSG ST Randal Kolo Muani
65%
83 Canada Bayern Munich LB Alphonso Davies
64%
84 France Real Madrid CDM Aurélien Tchouaméni
64%
84 Italy Juventus LM Federico Chiesa
64%
84 Spain Leverkusen LWB Grimaldo
64%
84 England Newcastle GK Nick Pope
64%
84 Portugal Al-Hilal CDM Rúben Neves
64%
82 Montenegro Atlético Madrid CB Stefan Savić
64%
85 Italy Napoli RB Giovanni Di Lorenzo
63%
84 Germany Borussia Dortmund CAM Julian Brandt
63%
84 Denmark Tottenham Hotspurs CDM Pierre-Emile Højbjerg
63%
83 Argentina Chelsea CM Enzo Fernández
62%
84 England Tottenham Hotspurs CAM James Maddison
62%
85 Germany Frankfurt GK Kevin Trapp
62%
83 Denmark Manchester United CM Christian Eriksen
61%
82 Senegal Al Ahli GK Édouard Mendy
61%
84 Spain Atlético Madrid CDM Koke
61%
84 France Aston Villa RM Moussa Diaby
61%
82 France Real Madrid CDM Eduardo Camavinga
60%
82 France Real Madrid LB Ferland Mendy
60%
83 Germany Borussia Dortmund CAM Marco Reus
60%
83 Denmark Barcelona CB Andreas Christensen
59%
82 Uruguay Liverpool ST Darwin Núñez
59%
84 England A.C. Milan CB Fikayo Tomori
59%
83 France Tottenham Hotspurs GK Hugo Lloris
59%
83 Germany Borussia Dortmund CB Mats Hummels
59%
84 Slovakia PSG CB Milan Škriniar
59%
83 Spain Real Madrid CB Nacho Fernández
59%
83 France Arsenal CB William Saliba
59%
83 Netherlands Liverpool CF Cody Gakpo
58%
84 Brazil Al Ittihad CDM Fabinho
58%
80 Argentina Manchester City ST Julián Álvarez
58%
83 Spain Aston Villa CB Pau Torres
58%
81 Mexico West Ham CDM Edson Álvarez
57%
82 Spain Barcelona LW Ferran Torres
57%
83 Netherlands Leverkusen RWB Jeremie Frimpong
57%
84 Hungary RB Leipzig GK Péter Gulácsi
57%
83 England Chelsea LW Raheem Sterling
57%
84 Belgium Al Shabab LM Yannick Carrasco
57%
82 Argentina Liverpool CM Alexis Mac Allister
56%
82 Spain Real Madrid RB Carvajal
56%
85 Italy Sassuolo RW Domenico Berardi
56%
83 Serbia Juventus ST Dušan Vlahović
56%
82 Italy Inter Milan LWB Federico Dimarco
56%
84 Algeria AC Milan CDM Ismaël Bennacer
56%
83 England Manchester United LB Luke Shaw
56%
82 Switzerland Manchester City CB Manuel Akanji
56%
81 Netherlands Manchester City CB Nathan Aké
56%
84 Brazil Juventus CB Bremer
55%
83 Bosnia Fenerbahce ST Edin Džeko
55%
80 Portugal PSG ST Gonçalo Ramos
55%
82 England Everton GK Jordan Pickford
55%
83 Italy Arsenal CDM Jorginho
55%
82 Croatia Manchester City CB Joško Gvardiol
55%
83 Croatia Al-Nassr CDM Marcelo Brozović
55%
83 Spain PSG RW Marco Asensio
55%
84 Spain Atlético Madrid RM Marcos Llorente
55%
83 Argentina SL Benfica CF Ángel Di María
54%
84 England Roma CB Chris Smalling
54%
82 Hungary Liverpool CAM Dominik Szoboszlai
54%
82 Germany Arsenal CAM Kai Havertz
54%
82 Croatia Manchester City CM Mateo Kovačić
54%
83 Spain Atlético Madrid ST Morata
54%
84 Germany Borussia Dortmund CB Niklas Süle
54%
82 France A.C. Milan ST Olivier Giroud
54%
83 Spain Athletic Club GK Unai Simón
54%
81 Sweden Newcastle ST Alexander Isak
53%
82 France Bayern Munich CB Dayot Upamecano
53%
82 England Manchester United LW Jadon Sancho
53%
81 Portugal Barcelona CF João Félix
53%
83 Uruguay Atlético Madrid CB José María Giménez
53%
81 Brazil Manchester United RW Antony
51%
82 Switzerland Leverkusen CM Granit Xhaka
51%
81 France Liverpool CB Ibrahima Konaté
51%
84 Belgium VfL Wolfsburg GK Koen Casteels
51%
84 Spain Real Sociedad CM Mikel Merino
51%
83 Ivory Coast Borussia Dortmund ST Sébastien Haller
51%
83 France AS Monaco ST Wissam Ben Yedder
51%
82 Argentina Tottenham Hotspurs CB Cristian Romero
50%
82 Morocco Bayern Munich RB
Noussair Mazraoui
50%
81 Germany VfL Wolfsburg CDM Maximilian Arnold
50%
83 France Real Betis CAM Nabil Fekir
50%
82 Portugal PSG LB Nuno Mendes
50%
83 France Olympique Lyonnais ST Alexandre Lacazette
49%
81 Germany Fulham GK Bernd Leno
49%
83 Spain RB Leipzig CAM Dani Olmo
49%
83 Germany Borussia Dortmund CB Nico Schlotterbeck
49%
83 Czechia Leverkusen ST Patrik Schick
49%
83 Netherlands Newcastle CB Sven Botman
49%
83 Serbia Juventus LM Filip Kostić
48%
83 Spain Villarreal ST Gerard Moreno
48%
81 Canada LOSC Lille ST Jonathan David
48%
84 Slovakia Napoli CM Stanislav Lobotka
48%
82 Portugal Porto GK Diogo Costa
47%
83 Italy Inter Milan CB Francesco Acerbi
47%
82 Spain Real Madrid ST Joselu
47%
81 Brazil West Ham CAM Lucas Paquetá
47%
83 Spain Real Sociedad LM Oyarzabal
47%
82 France PSG CB Presnel Kimpembe
47%
82 Brazil Al Ahli CF Roberto Firmino
47%
80 Spain Aston Villa LB Álex Moreno
46%
82 Brazil Newcastle CM Joelinton
46%
83 Austria Bayern Munich CDM Konrad Laimer
46%
80 Gabon Olympique de Marseille ST Pierre-Emerick Aubameyang
46%
81 Spain Barcelona LB Balde
45%
80 Spain Arsenal GK David Raya
45%
82 Netherlands Borussia Dortmund RM Donyell Malen
45%
82 Italy Tottenham Hotspurs GK Guglielmo Vicario
45%
82 Argentina SL Benfica CB Nicolás Otamendi
45%
83 Poland Napoli CM Piotr Zieliński
45%
80 Brazil Tottenham Hotspurs ST Richarlison
45%
82 Uruguay Tottenham Hotspurs CM Rodrigo Bentancur
45%
82 Netherlands Inter Milan CB Stefan de Vrij
45%
82 Argentina Atlético Madrid ST Ángel Correa
44%
83 France Inter Milan CB Benjamin Pavard
44%
81 Sweden Tottenham Hotspurs RW Dejan Kulusevski
44%
81 Ghana Athletic Club RM Iñaki Williams
44%
81 Germany Leverkusen CB Jonathan Tah
44%
83 Spain Inter Milan LB Jordi Alba
44%
81 Belgium Arsenal CF Leandro Trossard
44%
84 Spain Latium CM Luis Alberto
44%
82 Iran Porto ST Mehdi Taremi
44%
80 Ukraine Arsenal LB Oleksandr Zinchenko
44%
82 Germany RB Leipzig ST Timo Werner
44%
82 Belgium Aston Villa CM Youri Tielemans
44%
82 Switzerland Newcastle CB Fabian Schär
43%
81 Portugal Napoli LB Mário Rui
43%
81 England Manchester United CAM Mason Mount
43%
80 Ecuador Chelsea CDM Moisés Caicedo
43%
80 France Manchester United ST Anthony Martial
42%
80 England Arsenal RB Benjamin White
42%
80 England Al Etifaqi CM Jordan Henderson
42%
82 Belgium RB Leipzig ST Loïs Openda
42%
82 Argentina Atlético Madrid RB Nahuel Molina
42%
83 Portugal Fulham CDM Palhinha
42%
82 Portugal Bayern Munich LB Raphaël Guerreiro
42%
80 Portugal PSG CM Vitinha
42%
84 France Juventus LM Adrien Rabiot
41%
83 Cameroon Napoli CDM André-Franck Zambo Anguissa
41%
81 England Chelsea LB Ben Chilwell
41%
80 Portugal Manchester United RB Diogo Dalot
41%
81 Finland Leverkusen GK Lukáš Hrádecký
41%
80 Austria Borussia Dortmund CM Marcel Sabitzer
41%
84 Germany SC Freiburg CB Matthias Ginter
41%
80 England Aston Villa ST Ollie Watkins
41%
81 Portugal Porto CB Pepe
41%
80 Brazil Porto LM Pepê
41%
83 Spain Inter Milan CDM Sergio Busquets
41%
80 Japan Liverpool CM Wataru Endo
41%
83 Hungary RB Leipzig CB Willi Orban
41%
81 Belgium Galatasaray CF Dries Mertens
40%
81 Armenia Inter Milan CAM Henrikh Mkhitaryan
40%
81 Spain Real Madrid GK Kepa
40%
81 Paraguay Newcastle RW Miguel Almirón
40%
81 Spain Tottenham Hotspurs RB Pedro Porro
40%
81 Portugal Roma GK Rui Patrício
40%
83 Italy Napoli GK Alex Meret
39%
81 Poland Juventus ST Arkadiusz Milik
39%
82 England Newcastle ST Callum Wilson
39%
82 Serbia Fenerbahçe LW Dušan Tadić
39%
81 Croatia Sevilla CM Ivan Rakitić
39%
80 Cameroon Liverpool CB Joel Matip
39%
80 Morocco Manchester United CDM Sofyan Amrabat
39%
80 Japan Real Sociedad RW Takefusa Kubo
39%
81 England Roma ST Tammy Abraham
39%
80 Sweden Manchester United CB Victor Lindelöf
39%
80 England Manchester United RB Aaron Wan-Bissaka
38%
81 France Inter Milan RWB Denzel Dumfries
38%
82 Ivory Coast Al Ahli CDM Franck Yannick Kessié
38%
80 Italy Union Berlin CB Leonardo Bonucci
38%
82 France Atlético Madrid CM Thomas Lemar
38%
82 Morocco Sevilla ST Youssef En-Nesyri
38%
82 Croatia Fenerbahce GK Dominik Livaković
37%
81 Spain PSG CM Fabián Ruiz
37%
81 Mexico PSV RW Hirving Lozano
37%
83 Italy Roma CAM Lorenzo Pellegrini
37%
81 Uruguay PSG CDM Manuel Ugarte
37%
81 Denmark AC Milan CB Simon Kjær
37%
80 France AS Monaco CDM Youssouf Fofana
37%
84 Spain Real Sociedad GK Álex Remiro
36%
81 Croatia TSG Hoffenheim CF Andrej Kramarić
36%
81 Brazil Juventus CB Danilo
36%
80 Italy LAFC CB Giorgio Chiellini
36%
81 Argentina Tottenham Hotspurs CAM Giovani Lo Celso
36%
80 Japan Brighton LM Kaoru Mitoma
36%
81 Italy Toronto FC LW Lorenzo Insigne
36%
82 Ivory Coast Al-Nassr CM Seko Fofana
36%
82 Portugal Olympique Lyonnais GK Anthony Lopes
35%
82 Spain Valencia CF LB Gayà
35%
83 Argentina Real Betis CDM Guido Rodríguez
35%
80 Morocco Galatasaray RW Hakim Ziyech
35%
81 Spain Real Betis CAM Isco
35%
80 Colombia Inter Milan RM Juan Cuadrado
35%
82 Italy Juventus CDM Manuel Locatelli
35%
80 Argentina Galatasaray ST Mauro Icardi
35%
81 Mexico Salernitana GK Guillermo Ochoa
34%
81 Spain Real Madrid RB Lucas Vázquez
34%
80 Austria Inter Milan ST Marko Arnautović
34%
81 Brazil Aston Villa CB Diego Carlos
33%
81 Burkina Faso Leverkusen CB Edmond Tapsoba
33%
81 Germany Borussia Dortmund LM Karim Adeyemi
33%
81 England Brighton CB Lewis Dunk
33%
82 Portugal Al-Nassr RM Otávio
33%
81 Ivory Coast Galatasaray LW Wilfried Zaha
33%
81 Brazil Fenerbahçe CM Fred
32%
81 Denmark RSC Anderlecht GK Kasper Schmeichel
32%
80 Ecuador Brighton LB Pervis Estupiñán
32%
83 Portugal SL Benfica CF Rafa
32%
80 Spain Girona CM Aleix García
31%
81 Brazil Al-Nassr CF Anderson Talisca
31%
81 Portugal PSG CDM Danilo Pereira
31%
82 Spain CA Osasuna CB David García
31%
81 Colombia Torino ST Duván Zapata
31%
82 Brazil Sevilla CDM Fernando
31%
83 Italy Roma CB Gianluca Mancini
31%
82 Uruguay Galatasary CDM Lucas Torreira
31%
82 Netherlands Brentford GK Mark Flekken
31%
82 Spain Real Sociedad CB Robin Le Normand
31%
80 Chile Real Betis GK Claudio Bravo
30%
82 Germany Frankfurt CAM Mario Götze
30%
80 Germany Borussia Dortmund ST Niclas Füllkrug
30%
80 Spain Atlético Madrid CM Saúl
30%
81 Belgium Royal Antwerp CB Toby Alderweireld
30%
81 Nigeria Bergamo Calcio ST Ademola Lookman
29%
81 Portugal Everton ST Beto
29%
81 Italy AC Milan RB Davide Calabria
29%
80 Sweden RB Leipzig CAM Emil Forsberg
29%
81 Central African Republic Olympique de Marseille CM Geoffrey Kondogbia
29%
81 France Olympique de Marseille RWB Jonathan Clauss
29%
80 Scotland Real Sociedad LB Kieran Tierney
29%
82 Germany Leverkusen CDM Robert Andrich
29%
81 Nigeria AC Milan RW Samuel Chukwueze
29%
80 Spain Barcelona RB Sergi Roberto
29%
83 Spain Real Betis ST Borja Iglesias
28%
81 Argentina Ajax GK Gerónimo Rulli
28%
80 England Newcastle LW Harvey Barnes
28%
80 Italy Roma LWB Leonardo Spinazzola
28%
81 Italy Napoli RW Matteo Politano
28%
80 Argentina Olympique Lyonnais LB Nicolás Tagliafico
28%
80 Mexico LAFC RW Carlos Vela
27%
81 Japan Latium CAM Daichi Kamada
27%
80 Argentina Leverkusen CM Exequiel Palacios
27%
82 Spain Atlético Madrid CB Mario Hermoso
27%
80 Spain Olympique de Marseille GK Pau López
27%
80 Spain Real Sociedad CDM Zubimendi
27%
80 Argentina Aston Villa RM Emiliano Buendía
26%
82 Turkey SL Benfica CM Orkun Kökçü
26%
82 Italy SC Freiburg LM Vincenzo Grifo
26%
80 France Aston Villa CDM Boubacar Kamara
25%
80 Colombia Al-Nassr GK David Ospina
25%
81 Brazil Latium RW Felipe Anderson
25%
80 Netherlands Al Ettifaq CM Georginio Wijnaldum
25%
82 Portugal SL Benfica RM João Mário
25%
83 Germany Leverkusen CAM Jonas Hofmann
25%
80 Argentina Sevilla RW Lucas Ocampos
25%
80 Italy Aston Villa RM Nicolò Zaniolo
25%
82 Ukraine Girona RM Viktor Tsygankov
25%
83 Italy Latium CB Alessio Romagnoli
24%
81 Netherlands Everton ST Arnaut Danjuma
24%
80 Spain Real Madrid CAM Brahim
24%
81 Argentina Fiorentina RW Nicolás González
24%
81 Uruguay Sporting CP CB Sebastián Coates
24%
80 Belgium Club Brugge GK Simon Mignolet
24%
81 France Al Ahli LM Allan Saint-Maximin
23%
82 Turkey Getafe CF ST Enes Ünal
23%
80 Mali Real Sociedad RB Hamari Traoré
23%
81 Mozambique Atlético Madrid LB Reinildo
23%
80 Georgia Valencia CF GK Giorgi Mamardashvili
22%
81 Ivory Coast Nottingham Forest CDM Ibrahim Sangaré
22%
82 Italy Latium GK Ivan Provedel
22%
81 Brazil Al Hilal RM Malcom
22%
80 Italy Inter Milan CB Matteo Darmian
22%
81 Spain Athletic Club CAM Muniain
22%
82 Portugal Sporting CP LW Pedro Gonçalves
22%
80 Algeria Borussia Dortmund LB Ramy Bensebaini
22%
82 Portugal SC Braga CAM Ricardo Horta
22%
81 Portugal Real Betis CDM William Carvalho
22%
80 France Villarreal CM Francis Coquelin
21%
80 Netherlands Bergamo Calcio CDM Marten de Roon
21%
81 Greece Nottingham Forest GK Odisseas Vlachodimos
21%
80 Spain Barcelona CDM Oriol Romeu
21%
81 Serbia Stade Rennais CDM Nemanja Matić
20%
83 Spain RCD Mallorca CM Sergi Darder
20%
81 Netherlands Ajax CAM Steven Berghuis
20%
81 Kosovo Napoli CB Amir Rrahmani
19%
81 Spain Real Sociedad CM Brais Méndez
19%
81 France RC Lens GK Brice Samba
19%
80 Argentina Villarreal RB Juan Foyth
19%
80 England Sporting CP RW Marcus Edwards
19%
81 Spain Villarreal CB Raúl Albiol
19%
81 Italy Roma CDM Bryan Cristante
18%
80 North Macedonia Napoli CAM Eljif Elmas
18%
80 Argentina Sevilla RW Erik Lamela
18%
82 Italy Latium LW Mattia Zaccagni
18%
80 Germany TSG Hoffenheim GK Oliver Baumann
18%
80 Netherlands Bergamo Calcio CM Teun Koopmeiners
18%
81 France Villarreal CM Etienne Capoue
17%
82 Spain Atlético Madrid LB Javi Galán
17%
80 Austria RC Lens CB Kevin Danso
17%
81 Spain Athletic Club CAM Sancet
17%
81 Austria RB Leipzig CDM Xaver Schlager
17%
81 Libya SC Braga CDM Ali Al Musrati
16%
80 Italy Inter Milan CM Davide Frattesi
16%
82 Argentina Cádiz CF GK Jeremías Conan Ledesma
16%
81 France Stade Rennais LM Martin Terrier
16%
80 DR Congo Olympique de Marseille CB Chancel Mbemba
15%
80 Brazil SL Benfica RM David Neres
15%
80 Spain Udinese CF Deulofeu
15%
80 Italy Al Ittihad CB Luiz Felipe
15%
80 Croatia Bergamo Calcio CAM Mario Pašalić
15%
80 Serbia Sevilla CB Nemanja Gudelj
15%
80 Spain Sevilla RW Suso
15%
81 Spain Sporting CP GK Adán
14%
80 Slovakia Feyenoord CB Dávid Hancko
14%
80 Spain Athletic Club RB De Marcos
14%
81 Tunisia Frankfurt CDM Ellyes Skhiri
14%
80 Argentina RC Lens CB Facundo Medina
14%
80 Germany Nashville CS CF Hany Mukhtar
14%
82 Spain Rayo Vallecano RM Isi Palazón
14%
80 Serbia Sevilla GK Marko Dmitrović
14%
80 France Olympique de Marseille CM Jordan Veretout
13%
80 France Montpellier CAM Téji Savanier
13%
80 Kosovo RCD Mallorca ST Vedat Muriqi
13%
80 Spain Real Sociedad CB Zubeldia
13%
80 Italy Fiorentina LB Cristiano Biraghi
12%
80 Argentina CA Osasuna ST Ezequiel Ávila
12%
80 Uruguay Galatasary CDM Fernando Muslera
12%
80 Italy Bergamo Calcio CB Rafael Tolói
12%
81 Spain Athletic Club CB Yeray
12%
80 Spain Athletic Club LM Álex Berenguer
11%
81 France OGC Nice ST Gaëtan Laborde
11%
80 Brazil Al Ahli CB Ibañez
11%
80 Spain Sevilla CM Joan Jordán
11%
80 Montenegro Latium LB Adam Marušić
10%
80 France Sassuolo LW Armand Laurienté
10%
81 France Stade Rennais CM Benjamin Bourigeaud
10%
80 Portugal Sporting CP LW Nuno Santos
10%
80 Spain Getafe CF GK David Soria
9%
80 Spain UD Las Palmas CAM Jonathan Viera
9%
80 France Olympique de Marseille CDM Valentin Rongier
9%
80 Spain Real Sociedad CB Aritz Elustondo
8%
80 Portugal SL Benfica CDM Florentino
8%
80 Swtizerland M'gladbach GK Jonas Omlin
8%
80 Germany M'gladbach CDM Julian Weigl
8%
80 Uruguay Getafe CDM Mauro Arambarri
8%
80 Brazil SL Benfica ST Arthur Cabral
7%
80 Spain Elche CF GK Edgar Badia
7%
80 Spain RC Celta CDM Fran Beltrán
7%
80 Brazil SC Braga GK Matheus
7%
No matching quizzes found
Score Distribution
Percent of People with Each Score
Percentile by Number Answered
Your Score History
You have not taken this quiz